Zlaté kúpeľné časy sa končia
Zmena systému kúpeľnej starostlivosti na Slovensku v dôsledku privatizácie. Podmienky a spôsob poskytovania služieb. Skupiny ochorení a liečebné miesta. Poskytovanie kúpeľnej starostlivosti v pôsobnosti Sociálnej poisťovne. Kúpeľná starostlivosť v SR podľa skupín ochorení v 1. polroku 1996.
Enregistré dans:
| Auteur principal: | |
|---|---|
| Format: | Chapitre de livre |
| Langue: | slovaque |
| Sujets: | |
| Tags: |
Pas de tags, Soyez le premier à ajouter un tag!
|
MARC
| LEADER | 00000naa a2200000 4500 | ||
|---|---|---|---|
| 001 | r025207 | ||
| 005 | 20251104123657.0 | ||
| 041 | 0 | |a slo | |
| 044 | |a SK | ||
| 245 | 1 | 0 | |a Zlaté kúpeľné časy sa končia |c Roman Végh |
| 520 | |a Zmena systému kúpeľnej starostlivosti na Slovensku v dôsledku privatizácie. Podmienky a spôsob poskytovania služieb. Skupiny ochorení a liečebné miesta. Poskytovanie kúpeľnej starostlivosti v pôsobnosti Sociálnej poisťovne. Kúpeľná starostlivosť v SR podľa skupín ochorení v 1. polroku 1996. | ||
| 610 | 2 | 0 | |a služby |
| 610 | 2 | 0 | |a kúpele |
| 610 | 2 | 0 | |a Slovensko |
| 610 | 2 | 0 | |a privatizácia |
| 610 | 2 | 0 | |a Sociálna poisťovňa, a.s. Bratislava |
| 100 | 1 | |a Végh, Roman | |